Nguyên tử và liên kết hoá học : Dùng cho giáo viên môn Hoá học ở các trường THPT, sinh viên ngành Hoá các trường Đại học, Cao đẳng /

Gespeichert in:
Bibliographische Detailangaben
1. Verfasser: Đào Đình Thức
Format: Sách giấy
Sprache:Vietnamese
Veröffentlicht: H. : Giáo dục, 2005
Ausgabe:Tái bản lần thứ ba
Schlagworte:
Tags: Tag hinzufügen
Keine Tags, Fügen Sie den ersten Tag hinzu!
Thư viện lưu trữ: Thư viện Trường Đại học Đà Lạt
LEADER 00987nam a2200337 4500
001 DLU060051568
005 ##20060314
040 # # |a DLU  |b vie 
041 # # |a vie 
044 # # |a vn 
082 # # |a 541.244  |b DA-T 
100 # # |a Đào Đình Thức 
245 # # |a Nguyên tử và liên kết hoá học :  |b Dùng cho giáo viên môn Hoá học ở các trường THPT, sinh viên ngành Hoá các trường Đại học, Cao đẳng /  |c Đào Đình Thức 
250 # # |a Tái bản lần thứ ba 
260 # # |a H. :  |b Giáo dục,  |c 2005 
300 # # |a 223 tr. ;  |c 21 cm 
504 # # |a Tài liệu tham khảo :tr.220 
653 # # |a Cấu trúc nguyên tử 
653 # # |a Giáo trình 
653 # # |a Liên kết hoá học 
653 # # |a Liên kết nguyên tử 
923 # # |a 66/2005 
992 # # |a 14.000 
994 # # |a DLU 
900 # # |a True 
911 # # |a Đào Thị Thu Huyền 
925 # # |a G 
926 # # |a A 
927 # # |a SH 
980 # # |a Thư viện Trường Đại học Đà Lạt